| 000 | 00653nam a22002297a 4500 | ||
|---|---|---|---|
| 005 | 20171218135620.0 | ||
| 008 | 171218b xxu||||| |||| 00| 0 spa d | ||
| 041 | _aspa | ||
| 082 | _a972.860.2 M722g | ||
| 100 |
_aMolina Montes de Oca, Carlos Manuel _945218 |
||
| 245 | _aGarcimuñoz : la ciudad que nunca murió, los primeros cien días de Costa Rica | ||
| 260 | _aCosta Rica | ||
| 260 | _bEUNED | ||
| 260 | _c1993 | ||
| 300 | _a452 páginas | ||
| 650 |
_aCOSTA RICA _945219 |
||
| 650 |
_aHISTORIA _943 |
||
| 650 |
_aCOLONIA 1535-1821 _928967 |
||
| 650 |
_aAMÉRICA DESCUBRIMIENTO | _945220 |
||
| 650 |
_aEXPLORACIONES _921407 |
||
| 942 | _cBK | ||
| 999 |
_c10208 _d10208 |
||